[Event "CAN-ch U20 2003"]
[Site "Shawinigan CAN"]
[Date "2003.01.03"]
[Round "1.5"]
[White "Godbout, Mathieu"]
[Black "Masse, Hugues"]
[Result "0-1"]
[WhiteElo "1745"]
[BlackElo "2171"]
[PlyCount "46"]
[EventDate "2003.01.03"]
[EventType "swiss"]
[EventRounds "7"]
[EventCountry "CAN"]

1. c4 e6 2. Nf3 d5 3. g3 Nf6 4. Bg2 Be7 5. O-O O-O 6. cxd5 exd5 7. d4 c6 8. Qc2
Nbd7 9. Nc3 Re8 10. Bg5 h6 11. Bxf6 Bxf6 12. b4 a6 13. e3 Nf8 14. Rab1 g6 15.
Qd2 Bf5 16. Rb2 h5 17. h4 Nd7 18. a4 Nb6 19. Ra2 Nc4 20. Qc1 Be7 21. b5 axb5
22. axb5 Rxa2 23. Nxa2 Qa5 0-1

[Event "CAN-ch U20 2003"]
[Site "Shawinigan CAN"]
[Date "2003.01.03"]
[Round "1.7"]
[White "Labrecque, Jason"]
[Black "Bachand-Fleurent, Julien"]
[Result "0-1"]
[WhiteElo "1515"]
[BlackElo "2065"]
[PlyCount "64"]
[EventDate "2003.01.03"]
[EventType "swiss"]
[EventRounds "7"]
[EventCountry "CAN"]

1. e4 e6 2. d4 d5 3. e5 c5 4. Nf3 Nc6 5. Bf4 Qb6 6. b3 cxd4 7. a3 Nge7 8. Bd3
Ng6 9. Bg3 Qa5+ 10. Qd2 Bb4 11. axb4 Qxa1 12. O-O a6 13. h4 Bd7 14. h5 Nge7 15.
Qg5 g6 16. Qf6 O-O-O 17. Ng5 Rdf8 18. Nxf7 Rhg8 19. b5 axb5 20. Bxb5 Kb8 21. h6
Qa5 22. Bd3 Nc8 23. Bxg6 Rxg6 24. Qxg6 hxg6 25. h7 Be8 26. Ng5 Nd8 27. Rd1 Ne7
28. f3 Nf5 29. Bf2 Qc7 30. g4 Qxc2 31. Re1 Ne3 32. Na3 Qxb3 0-1

[Event "CAN-ch U20 2003"]
[Site "Shawinigan CAN"]
[Date "2003.01.03"]
[Round "1.8"]
[White "Khaziyeva, Dinara"]
[Black "Lu, David"]
[Result "1-0"]
[WhiteElo "2043"]
[BlackElo "1464"]
[PlyCount "89"]
[EventDate "2003.01.03"]
[EventType "swiss"]
[EventRounds "7"]
[EventCountry "CAN"]

1. Nf3 Nc6 2. g3 e5 3. d3 d5 4. Bg2 Nf6 5. O-O Bf5 6. Nbd2 Bc5 7. c3 O-O 8. b4
Be7 9. b5 Na5 10. Nxe5 Bd6 11. Nef3 Re8 12. Nd4 Bg4 13. h3 Bh5 14. g4 Bg6 15.
f4 h6 16. Qa4 b6 17. f5 Bh7 18. e4 dxe4 19. Nxe4 Nxe4 20. dxe4 Qe7 21. Bf4 Bxf4
22. Rxf4 Qc5 23. Qb4 Qxb4 24. cxb4 Rad8 25. e5 Nc4 26. Nc6 Nxe5 27. Nxd8 Rxd8
28. Re4 f6 29. Rc1 Rc8 30. Rd4 Nf7 31. Rd7 Nd6 32. a4 Ne8 33. Re1 Kf8 34. Bc6
Bg8 35. Rde7 Nd6 36. Rd7 Bb3 37. a5 Ba4 38. Re6 a6 39. Ree7 Ne8 40. Bd5 Nd6 41.
Rxc7 Rxc7 42. Rxc7 Nxb5 43. Rf7+ Ke8 44. axb6 Nc3 45. b7 1-0

[Event "CAN-ch U20 2003"]
[Site "Shawinigan CAN"]
[Date "2003.01.03"]
[Round "1.10"]
[White "Ramaswamy, Kishor"]
[Black "Simard, Remi"]
[Result "1-0"]
[WhiteElo "1947"]
[BlackElo "1166"]
[PlyCount "69"]
[EventDate "2003.01.03"]
[EventType "swiss"]
[EventRounds "7"]
[EventCountry "CAN"]

1. d4 Nf6 2. Nf3 g6 3. Bg5 Bg7 4. Nbd2 O-O 5. e3 d6 6. c3 Nbd7 7. Bc4 c5 8. O-O
a6 9. a4 b6 10. Re1 d5 11. Ba2 Bb7 12. Rc1 Rc8 13. Bb1 cxd4 14. exd4 e6 15. Ne5
Qc7 16. f4 Bc6 17. Ndf3 b5 18. Nxc6 Qxc6 19. Ne5 Qb7 20. Bd3 b4 21. Nxd7 Qxd7
22. Bxa6 bxc3 23. Bxc8 Rxc8 24. Bxf6 Bxf6 25. bxc3 Qa7 26. Kh1 Rc4 27. g3 Rxa4
28. Ra1 Rxa1 29. Qxa1 Qc7 30. Rb1 Qc4 31. Qa3 Be7 32. Qxe7 Qe2 33. Rb8+ Kg7 34.
Qf8+ Kf6 35. Qh8+ 1-0

[Event "CAN-ch U20 2003"]
[Site "Shawinigan CAN"]
[Date "2003.01.03"]
[Round "1.11"]
[White "Federico, Anthony"]
[Black "Dumesnil, Etienne"]
[Result "0-1"]
[WhiteElo "1029"]
[BlackElo "1909"]
[PlyCount "125"]
[EventDate "2003.01.03"]
[EventType "swiss"]
[EventRounds "7"]
[EventCountry "CAN"]

1. c4 g6 2. Nc3 f6 3. g3 Nh6 4. Bg2 Nf7 5. e3 Bg7 6. Nge2 O-O 7. O-O e5 8. b4
d6 9. h3 f5 10. d3 Nd7 11. Bd2 Nf6 12. Rb1 c6 13. a4 Be6 14. b5 Qd7 15. Qc2 f4
16. exf4 Bxh3 17. f3 d5 18. Nc1 Rad8 19. Nb3 dxc4 20. dxc4 Nh5 21. Ne4 Bxg2 22.
Kxg2 exf4 23. Nbc5 Qe7 24. Bxf4 Nxf4+ 25. gxf4 b6 26. bxc6 Rc8 27. Nd3 Nd8 28.
Qb3 Nxc6 29. c5+ Kh8 30. cxb6 Nd4 31. Qb4 Qxb4 32. Rxb4 Nc2 33. Rfb1 Nxb4 34.
Rxb4 axb6 35. Rxb6 Ra8 36. Rb4 Rfc8 37. Kg3 Rc2 38. Nd6 Rd2 39. Ne5 Kg8 40.
Ndc4 Bxe5 41. Nxd2 Bc3 42. Re4 Bxd2 43. Kg4 Kf7 44. Rd4 h5+ 45. Kh4 Be1+ 46.
Kh3 Kf6 47. Re4 Ba5 48. Kh4 Bc7 49. Rc4 Ra7 50. Rc6+ Kf5 51. Rc5+ Kxf4 52. Rc4+
Kf5 53. Rc5+ Be5 54. a5 g5+ 55. Kh3 g4+ 56. fxg4+ hxg4+ 57. Kg2 Rh7 58. a6 Rh2+
59. Kf1 Ra2 60. Rc6 g3 61. Rc5 Rxa6 62. Kg2 Ra2+ 63. Kf1 0-1

[Event "CAN-ch U20 2003"]
[Site "Shawinigan CAN"]
[Date "2003.01.04"]
[Round "2.1"]
[White "Bachand-Fleurent, Julien"]
[Black "Wang, Hao Yuan"]
[Result "0-1"]
[WhiteElo "2275"]
[BlackElo "2065"]
[PlyCount "90"]
[EventDate "2003.01.03"]
[EventType "swiss"]
[EventRounds "7"]
[EventCountry "CAN"]

1. e4 c5 2. Nc3 Nc6 3. g3 e6 4. Bg2 Nf6 5. d3 Be7 6. f4 d5 7. e5 Ng8 8. Nf3 Nh6
9. O-O Nf5 10. g4 Nfd4 11. Ne2 Nxf3+ 12. Bxf3 Qc7 13. c3 b6 14. Ng3 Bb7 15. Bg2
O-O-O 16. Re1 g6 17. Qe2 Bh4 18. Rf1 Ne7 19. Bd2 Rdg8 20. a4 h5 21. Be1 hxg4
22. Qxg4 Nf5 23. Bf2 Rh7 24. Nxf5 exf5 25. Qf3 Bxf2+ 26. Rxf2 g5 27. Qg3 g4 28.
Re1 Qd8 29. e6 fxe6 30. Rxe6 Kb8 31. Rfe2 a6 32. Qe3 Rgh8 33. Qe5+ Ka7 34. Re7
a5 35. Rxh7 Rxh7 36. Qxf5 Qh4 37. Kf1 Qxh2 38. Qg6 Qxf4+ 39. Kg1 Qc1+ 40. Kf2
Qf4+ 41. Kg1 Rf7 42. Qe6 g3 43. Rc2 Qxa4 44. Rc1 Rf2 45. Bxd5 Qh4 0-1

[Event "CAN-ch U20 2003"]
[Site "Shawinigan CAN"]
[Date "2003.01.04"]
[Round "2.2"]
[White "Tang, Charlie"]
[Black "Khaziyeva, Dinara"]
[Result "1/2-1/2"]
[WhiteElo "2274"]
[BlackElo "2043"]
[PlyCount "124"]
[EventDate "2003.01.03"]
[EventType "swiss"]
[EventRounds "7"]
[EventCountry "CAN"]

1. e4 e6 2. Nf3 d5 3. e5 c5 4. b4 cxb4 5. a3 Nc6 6. axb4 Qc7 7. d4 Bxb4+ 8. c3
Be7 9. Bd3 a6 10. O-O Bd7 11. Ba3 Rc8 12. Bxe7 Ngxe7 13. Ng5 h6 14. Qh5 g6 15.
Qh3 Na7 16. Qh4 Qd8 17. f4 Nf5 18. Qh3 Nb5 19. g4 Ng7 20. Ra2 Nxc3 21. Nxf7
Kxf7 22. Bxg6+ Kxg6 23. f5+ Kh7 24. Nxc3 exf5 25. Nxd5 Rf8 26. g5 Qxg5+ 27. Rg2
Qd8 28. Qg3 Qg5 29. Qa3 Qh4 30. Qd6 Be6 31. Nf4 Rf7 32. Nxe6 Rc6 33. Qd8 Qe7
34. Qxe7 Rxe7 35. Nxg7 Rxg7 36. Rxg7+ Kxg7 37. Rxf5 Kg6 38. Rf8 Rc7 39. e6 Kg7
40. Rf3 b5 41. d5 Re7 42. Kf2 Re8 43. Rf7+ Kg6 44. Ke3 b4 45. Rb7 a5 46. Kd4
Kf6 47. Rf7+ Kg6 48. Ra7 b3 49. Rxa5 Rb8 50. Ra1 b2 51. Rb1 Kf6 52. Kc5 Ke7 53.
Kd4 Kd6 54. Ke4 Rb5 55. h3 Rb3 56. Kf5 Ke7 57. Ke5 Re3+ 58. Kd4 Rb3 59. Kc4 Rb8
60. Kc5 Rb3 61. Kc4 Rb8 62. Kc3 Rb5 1/2-1/2

[Event "CAN-ch U20 2003"]
[Site "Shawinigan CAN"]
[Date "2003.01.04"]
[Round "2.3"]
[White "McAlpin, John-Francis"]
[Black "Predescu, Sebastian"]
[Result "0-1"]
[WhiteElo "2000"]
[BlackElo "2219"]
[PlyCount "72"]
[EventDate "2003.01.03"]
[EventType "swiss"]
[EventRounds "7"]
[EventCountry "CAN"]

1. d4 Nf6 2. c4 g6 3. Nc3 Bg7 4. e4 d6 5. f3 O-O 6. Be3 e5 7. d5 Nh5 8. b4 f5
9. c5 Nd7 10. Rc1 Ndf6 11. Bd3 fxe4 12. Bxe4 Bf5 13. Bxf5 gxf5 14. cxd6 cxd6
15. Nge2 Qe8 16. O-O a6 17. Na4 Qg6 18. Nb6 Rae8 19. Rc7 f4 20. Bd2 Bh6 21. Qc1
Kh8 22. Qc2 e4 23. Bc3 Rg8 24. Nd4 Ng7 25. Rxb7 Nf5 26. Nxf5 Qxf5 27. Bxf6+
Qxf6 28. Kh1 Qg6 29. fxe4 Rxe4 30. Na4 Bg7 31. Qd2 Qg4 32. h3 Qg3 33. Rf7 Be5
34. Qc2 f3 35. Rxh7+ Kxh7 36. Qxe4+ Kh8 0-1

[Event "CAN-ch U20 2003"]
[Site "Shawinigan CAN"]
[Date "2003.01.04"]
[Round "2.4"]
[White "Masse, Hugues"]
[Black "Ramaswamy, Kishor"]
[Result "1-0"]
[WhiteElo "2171"]
[BlackElo "1947"]
[PlyCount "51"]
[EventDate "2003.01.03"]
[EventType "swiss"]
[EventRounds "7"]
[EventCountry "CAN"]

1. d4 d5 2. c4 e6 3. Nc3 Nf6 4. Bg5 Nbd7 5. cxd5 exd5 6. e3 c6 7. Bd3 Be7 8.
Qc2 Nh5 9. Bxe7 Qxe7 10. Nge2 Nb6 11. O-O g6 12. Rab1 Ng7 13. Ng3 Nc4 14. e4
Nb6 15. exd5 Nxd5 16. Nxd5 cxd5 17. Qc5 Qxc5 18. dxc5 Ne6 19. b4 f6 20. Rfd1
Nc7 21. Ne2 b6 22. Rbc1 Bb7 23. cxb6 Na6 24. b5 Nb4 25. Rc7 Bc8 26. b7 1-0

[Event "CAN-ch U20 2003"]
[Site "Shawinigan CAN"]
[Date "2003.01.04"]
[Round "2.6"]
[White "Palmer, Jordan"]
[Black "Charbonneau, Anne-Marie"]
[Result "0-1"]
[WhiteElo "1881"]
[BlackElo "1900"]
[PlyCount "90"]
[EventDate "2003.01.03"]
[EventType "swiss"]
[EventRounds "7"]
[EventCountry "CAN"]

1. e4 c5 2. Nf3 e6 3. b3 Nc6 4. Bb2 Nf6 5. Nc3 d6 6. g3 Be7 7. Bg2 O-O 8. O-O
a6 9. d4 cxd4 10. Nxd4 Qc7 11. Qd2 Rb8 12. a4 Nxd4 13. Qxd4 b6 14. Rad1 Bb7 15.
g4 e5 16. Qd3 Nxg4 17. Nd5 Bxd5 18. exd5 Nf6 19. f4 Qc5+ 20. Kh1 Ng4 21. Rd2
Ne3 22. Rg1 Nxg2 23. Rdxg2 Bf6 24. c4 Kh8 25. fxe5 dxe5 26. Qf5 Qd6 27. Rxg7
Bxg7 28. Rxg7 Qh6 29. Rg3 f6 30. Qe6 Rbd8 31. Qxb6 Rg8 32. Qf2 Rxg3 33. Qxg3
Rg8 34. Qf2 Qg6 35. h3 Qh6 36. Kh2 Rg4 37. Bc3 Rf4 38. Qe3 Qg6 39. d6 Qc2+ 40.
Kg3 h5 41. h4 Qf5 42. Be1 Kg7 43. c5 Qg4+ 44. Kh2 Rf3 45. Qg1 Rh3# 0-1

[Event "CAN-ch U20 2003"]
[Site "Shawinigan CAN"]
[Date "2003.01.04"]
[Round "2.7"]
[White "Divljan, Igor"]
[Black "Labrecque, Jason"]
[Result "1/2-1/2"]
[WhiteElo "2286"]
[BlackElo "1515"]
[PlyCount "90"]
[EventDate "2003.01.03"]
[EventType "swiss"]
[EventRounds "7"]
[EventCountry "CAN"]

1. d4 Nf6 2. c4 g6 3. Nc3 Bg7 4. e4 d6 5. h3 c6 6. Nf3 Nbd7 7. Be3 O-O 8. Be2
e5 9. d5 cxd5 10. cxd5 Nb6 11. Nd2 Nfd7 12. g4 a6 13. h4 h6 14. Nf1 Nc5 15. b4
Ncd7 16. Rc1 Re8 17. a4 Nf8 18. a5 Nbd7 19. Na4 Kh7 20. Ng3 Bf6 21. Qd2 Bxh4
22. Bxh6 Kg8 23. Rc3 Bxg3 24. Rxg3 b5 25. axb6 Nxb6 26. Nxb6 Qxb6 27. Bxf8 Kxf8
28. Qg5 Qxb4+ 29. Kf1 Qb1+ 30. Kg2 Qxe4+ 31. Bf3 Qf4 32. Qh4 Bd7 33. Re1 Kg7
34. Re4 Qh6 35. Qxh6+ Kxh6 36. Rb4 a5 37. Rb7 Red8 38. Bd1 Be8 39. g5+ Kg7 40.
Ra3 Rdb8 41. Rxa5 Rxb7 42. Rxa8 Bb5 43. Rd8 Bd7 44. Bf3 f5 45. gxf6+ Kxf6
1/2-1/2

[Event "CAN-ch U20 2003"]
[Site "Shawinigan CAN"]
[Date "2003.01.04"]
[Round "2.8"]
[White "Lu, David"]
[Black "Wong, Wylon"]
[Result "0-1"]
[WhiteElo "1464"]
[BlackElo "1869"]
[PlyCount "86"]
[EventDate "2003.01.03"]
[EventType "swiss"]
[EventRounds "7"]
[EventCountry "CAN"]

1. e4 d6 2. d4 Nf6 3. Nc3 c6 4. Nf3 Bg4 5. Be2 e6 6. Bg5 Be7 7. O-O d5 8. e5
Nfd7 9. Bxe7 Qxe7 10. Re1 a6 11. Qd2 c5 12. Rad1 Nc6 13. dxc5 Qxc5 14. Qg5 Bxf3
15. Qxg7 Qf8 16. Qxf8+ Kxf8 17. Bxf3 Ndxe5 18. Re3 d4 19. Rxe5 Nxe5 20. Rxd4
Nxf3+ 21. gxf3 Ke7 22. Rc4 Rac8 23. Rxc8 Rxc8 24. Kf1 b5 25. a3 Rc5 26. Ke2 Rh5
27. Ne4 Rxh2 28. Nc5 a5 29. Nb3 a4 30. Nd4 Rh5 31. Kd3 Rc5 32. b4 axb3 33. cxb3
h5 34. b4 Rd5 35. Ke4 Rxd4+ 36. Kxd4 h4 37. a4 bxa4 38. b5 a3 39. b6 a2 40. b7
a1=Q+ 41. Kc5 Qa7+ 42. Kc6 Qxb7+ 43. Kxb7 h3 0-1

[Event "CAN-ch U20 2003"]
[Site "Shawinigan CAN"]
[Date "2003.01.04"]
[Round "2.10"]
[White "Simard, Remi"]
[Black "Godbout, Mathieu"]
[Result "0-1"]
[WhiteElo "1166"]
[BlackElo "1745"]
[PlyCount "92"]
[EventDate "2003.01.03"]
[EventType "swiss"]
[EventRounds "7"]
[EventCountry "CAN"]

1. e4 c5 2. Nf3 d6 3. d4 cxd4 4. Nxd4 Nf6 5. Nc3 a6 6. Be2 b5 7. a3 Bb7 8. Qd3
Nbd7 9. f3 Nc5 10. Qe3 Qc7 11. Qf2 e6 12. Be3 Be7 13. O-O O-O 14. Nb3 Ncd7 15.
Rfd1 Rac8 16. Rd2 d5 17. exd5 Nxd5 18. Nxd5 Bxd5 19. Rad1 Nc5 20. Nxc5 Bxc5 21.
Bxc5 Qxc5 22. Qxc5 Rxc5 23. Bd3 f5 24. a4 Rb8 25. axb5 axb5 26. Bxf5 exf5 27.
Rxd5 Rxc2 28. R1d2 Rxd2 29. Rxd2 Kf7 30. Kf2 Rb7 31. Ke1 Ke6 32. Kd1 Rd7 33.
Rxd7 Kxd7 34. Kd2 Kd6 35. Kc3 Kc5 36. b4+ Kd5 37. g4 fxg4 38. fxg4 Ke4 39. g5
h6 40. gxh6 gxh6 41. h4 h5 42. Kc2 Kd4 43. Kb2 Kc4 44. Kc2 Kxb4 45. Kb2 Kc4 46.
Kc2 Kd4 0-1

[Event "CAN-ch U20 2003"]
[Site "Shawinigan CAN"]
[Date "2003.01.04"]
[Round "2.11"]
[White "Livingston, Alex"]
[Black "Federico, Anthony"]
[Result "1-0"]
[WhiteElo "1552"]
[BlackElo "1029"]
[PlyCount "31"]
[EventDate "2003.01.03"]
[EventType "swiss"]
[EventRounds "7"]
[EventCountry "CAN"]

1. e4 c5 2. Nc3 e6 3. f4 a6 4. Nf3 Nc6 5. d4 cxd4 6. Nxd4 Bc5 7. Be3 Qb6 8. Na4
Qb4+ 9. c3 Qa5 10. Nxc6 bxc6 11. Bxc5 Nf6 12. Qd6 Qd8 13. Bd3 h6 14. Nb6 Ra7
15. Nxc8 Rc7 16. Bb6 1-0

[Event "CAN-ch U20 2003"]
[Site "Shawinigan CAN"]
[Date "2003.01.04"]
[Round "3.1"]
[White "Wang, Hao Yuan"]
[Black "Masse, Hugues"]
[Result "1/2-1/2"]
[WhiteElo "2275"]
[BlackElo "2171"]
[PlyCount "63"]
[EventDate "2003.01.03"]
[EventType "swiss"]
[EventRounds "7"]
[EventCountry "CAN"]

1. e4 e5 2. Nf3 Nc6 3. Bc4 Bc5 4. c3 Nf6 5. Qe2 d6 6. a4 a6 7. d3 Be6 8. Nbd2
Ba7 9. O-O O-O 10. Ng5 Bg4 11. Ngf3 Qe7 12. Nb3 Nd7 13. Be3 Nb6 14. Bd5 Nd8 15.
Nbd2 Nxd5 16. exd5 c6 17. Bxa7 Rxa7 18. Qe3 Ra8 19. dxc6 Nxc6 20. d4 Qc7 21. h3
Bf5 22. Rfd1 Rfe8 23. dxe5 dxe5 24. Nc4 Bg6 25. Qc5 f6 26. Nh4 Bf7 27. Nd6 Red8
28. Nxf7 Qxf7 29. Nf5 Qe6 30. Nd6 Rab8 31. Nc4 h6 32. a5 1/2-1/2

[Event "CAN-ch U20 2003"]
[Site "Shawinigan CAN"]
[Date "2003.01.04"]
[Round "3.3"]
[White "Charbonneau, Anne-Marie"]
[Black "Tang, Charlie"]
[Result "1/2-1/2"]
[WhiteElo "1900"]
[BlackElo "2274"]
[PlyCount "51"]
[EventDate "2003.01.03"]
[EventType "swiss"]
[EventRounds "7"]
[EventCountry "CAN"]

1. d4 d5 2. c4 dxc4 3. Nf3 Nf6 4. e3 e6 5. Bxc4 c5 6. O-O a6 7. Qe2 b5 8. Bb3
Bb7 9. a4 b4 10. Nbd2 Nbd7 11. Nc4 a5 12. Rd1 Qc7 13. Nce5 Be7 14. Bd2 O-O 15.
Rac1 Qb6 16. Be1 cxd4 17. exd4 Rac8 18. Nxd7 Nxd7 19. d5 Rxc1 20. Rxc1 Nc5 21.
Bc4 Bf6 22. dxe6 Nxe6 23. b3 Nd4 24. Nxd4 Bxd4 25. Bd2 Qg6 26. Qf1 1/2-1/2

[Event "CAN-ch U20 2003"]
[Site "Shawinigan CAN"]
[Date "2003.01.04"]
[Round "3.4"]
[White "Khaziyeva, Dinara"]
[Black "Bachand-Fleurent, Julien"]
[Result "0-1"]
[WhiteElo "2065"]
[BlackElo "2042"]
[PlyCount "20"]
[EventDate "2003.01.03"]
[EventType "swiss"]
[EventRounds "7"]
[EventCountry "CAN"]

1. c4 c6 2. Nf3 d5 3. cxd5 cxd5 4. d4 Nf6 5. Bf4 Nc6 6. Nc3 Qb6 7. Qd2 Bf5 8.
e3 Ne4 9. Nxe4 Bxe4 10. Bd3 e5 0-1

[Event "CAN-ch U20 2003"]
[Site "Shawinigan CAN"]
[Date "2003.01.04"]
[Round "3.5"]
[White "Wong, Wylon"]
[Black "McAlpin, John-Francis"]
[Result "0-1"]
[WhiteElo "1864"]
[BlackElo "2000"]
[PlyCount "50"]
[EventDate "2003.01.03"]
[EventType "swiss"]
[EventRounds "7"]
[EventCountry "CAN"]

1. d4 Nf6 2. c4 c5 3. d5 e6 4. Nc3 exd5 5. Nxd5 Nxd5 6. Qxd5 Nc6 7. g3 d6 8.
Bg2 Be6 9. Qe4 Be7 10. Nh3 Qd7 11. Nf4 Bf5 12. Qf3 Nd4 13. Qxb7 Qxb7 14. Bxb7
Rb8 15. e4 Rxb7 16. exf5 Nc2+ 17. Kd2 Nxa1 18. b3 Bf6 19. Re1+ Kd7 20. Nd5 Re8
21. Nxf6+ gxf6 22. Rxe8 Kxe8 23. Bb2 Nxb3+ 24. axb3 Rxb3 25. Bxf6 a5 0-1

[Event "CAN-ch U20 2003"]
[Site "Shawinigan CAN"]
[Date "2003.01.04"]
[Round "3.6"]
[White "Ramaswamy, Kishor"]
[Black "McDonald, Justin"]
[Result "1/2-1/2"]
[WhiteElo "1947"]
[BlackElo "1826"]
[PlyCount "62"]
[EventDate "2003.01.03"]
[EventType "swiss"]
[EventRounds "7"]
[EventCountry "CAN"]

1. d4 Nf6 2. Nf3 d6 3. c3 g6 4. Bg5 Bg7 5. Nbd2 O-O 6. e3 b6 7. Bc4 Bb7 8. O-O
Nbd7 9. Qc2 Rc8 10. Rfe1 Re8 11. a4 a5 12. e4 e5 13. dxe5 Nxe5 14. Nxe5 dxe5
15. b4 Ra8 16. Qb3 Qe7 17. f4 Qf8 18. Rf1 Nxe4 19. Nxe4 Bxe4 20. fxe5 Bf5 21.
Bd5 Ra7 22. g4 Be6 23. Bxe6 Rxe6 24. Rad1 c5 25. Rd8 Re8 26. Rfd1 Ra8 27. Rxa8
Rxa8 28. bxa5 bxa5 29. e6 fxe6 30. Qxe6+ Kh8 31. Rf1 Qe8 1/2-1/2

[Event "CAN-ch U20 2003"]
[Site "Shawinigan CAN"]
[Date "2003.01.04"]
[Round "3.7"]
[White "Godbout, Mathieu"]
[Black "Dumesnil, Etienne"]
[Result "0-1"]
[WhiteElo "1745"]
[BlackElo "1909"]
[PlyCount "84"]
[EventDate "2003.01.03"]
[EventType "swiss"]
[EventRounds "7"]
[EventCountry "CAN"]

1. c4 g6 2. Nc3 f6 3. e4 Nh6 4. d4 Nf7 5. f4 d6 6. Nf3 Bg7 7. Be3 Nd7 8. Bd3 e5
9. Qd2 exf4 10. Bxf4 Nf8 11. O-O-O g5 12. Be3 Bg4 13. Rhe1 Qd7 14. Kb1 c6 15.
c5 dxc5 16. dxc5 O-O-O 17. Qc2 Qc7 18. Ne2 Ne6 19. h3 Bxf3 20. gxf3 Ne5 21. Rf1
Qa5 22. Bc4 Rhe8 23. f4 Nxc4 24. Qxc4 Qc7 25. f5 Rxd1+ 26. Rxd1 Nd8 27. Bf2 Qe5
28. Qd3 Qxe4 29. Ng3 Qxd3+ 30. Rxd3 Nf7 31. Nh5 Bh8 32. Bd4 Re1+ 33. Kc2 Ne5
34. Re3 Rf1 35. Bxe5 fxe5 36. f6 Bxf6 37. Nxf6 Rxf6 38. Rxe5 Rg6 39. Re7 h5 40.
Kd3 g4 41. hxg4 hxg4 42. Ke3 g3 0-1

[Event "CAN-ch U20 2003"]
[Site "Shawinigan CAN"]
[Date "2003.01.04"]
[Round "3.8"]
[White "Divljan, Igor"]
[Black "Livingston, Alex"]
[Result "1-0"]
[WhiteElo "2286"]
[BlackElo "1552"]
[PlyCount "53"]
[EventDate "2003.01.03"]
[EventType "swiss"]
[EventRounds "7"]
[EventCountry "CAN"]

1. d4 d5 2. c4 e6 3. Nc3 f5 4. Nf3 Nf6 5. g3 Be7 6. Bg2 c6 7. O-O O-O 8. b3 Ne4
9. Bb2 Nd7 10. Qc2 Ndf6 11. Ne5 Nh5 12. Nxe4 fxe4 13. f3 exf3 14. exf3 Nf6 15.
f4 Bd6 16. Rae1 Nd7 17. Nf3 Nf6 18. Ng5 Re8 19. Bh3 h6 20. Nxe6 Qe7 21. c5 Bb8
22. Qg6 Qf7 23. Qxf7+ Kxf7 24. Ng5+ hxg5 25. Bxc8 Rxe1 26. Rxe1 gxf4 27. Bxb7
1-0

[Event "CAN-ch U20 2003"]
[Site "Shawinigan CAN"]
[Date "2003.01.04"]
[Round "3.9"]
[White "Labrecque, Jason"]
[Black "Palmer, Jordan"]
[Result "0-1"]
[WhiteElo "1515"]
[BlackElo "1881"]
[PlyCount "62"]
[EventDate "2003.01.03"]
[EventType "swiss"]
[EventRounds "7"]
[EventCountry "CAN"]

1. e4 e5 2. f4 exf4 3. Nf3 d6 4. Bc4 Be6 5. Bxe6 fxe6 6. d4 g5 7. h4 g4 8. Ng5
Bh6 9. Qxg4 e5 10. Qe6+ Qe7 11. Qc8+ Qd8 12. Qxd8+ Kxd8 13. Nf7+ Ke7 14. Nxh8
Bg7 15. d5 Nd7 16. b4 Ngf6 17. Nc3 Bxh8 18. Kf2 Ng4+ 19. Kf3 h5 20. Bd2 a6 21.
a4 Rg8 22. Rh3 Bf6 23. Nd1 Nb6 24. Nb2 Nxd5 25. exd5 e4+ 26. Kxf4 Bxb2 27. Re1
Be5+ 28. Kf5 Rf8+ 29. Kg6 Rg8+ 30. Kxh5 Nf6+ 31. Kh6 Kf7 0-1

[Event "CAN-ch U20 2003"]
[Site "Shawinigan CAN"]
[Date "2003.01.04"]
[Round "3.11"]
[White "Federico, Anthony"]
[Black "Simard, Remi"]
[Result "1/2-1/2"]
[WhiteElo "1029"]
[BlackElo "1166"]
[PlyCount "81"]
[EventDate "2003.01.03"]
[EventType "swiss"]
[EventRounds "7"]
[EventCountry "CAN"]

1. c4 Nf6 2. Nc3 e6 3. g3 d5 4. e3 c6 5. Bg2 Bd6 6. d3 O-O 7. Nge2 Nbd7 8. Rb1
Qe7 9. O-O Ne5 10. c5 Bc7 11. d4 Ng6 12. b4 e5 13. a4 Bf5 14. Rb2 Rab8 15. Bd2
Qd7 16. Qa1 h5 17. h4 Bh3 18. b5 Bxg2 19. Kxg2 e4 20. b6 Qg4 21. Rh1 Qf3+ 22.
Kg1 axb6 23. cxb6 Bd6 24. Qf1 Be7 25. Qg2 Qxg2+ 26. Kxg2 Ne8 27. Ra1 Nd6 28.
Rba2 Nc4 29. Nd1 Nxd2 30. Rxd2 Bb4 31. Rda2 Ba5 32. Rb1 Ra8 33. f3 f5 34. Ra3
Nh8 35. Nf4 Nf7 36. Nxh5 Nd6 37. Ra2 Nc4 38. Nf4 Nd2 39. Rbb2 Nxf3 40. Ne6 Rf7
41. Nf2 1/2-1/2

[Event "CAN-ch U20 2003"]
[Site "Shawinigan CAN"]
[Date "2003.01.05"]
[Round "4.2"]
[White "Masse, Hugues"]
[Black "Predescu, Sebastian"]
[Result "1-0"]
[WhiteElo "2171"]
[BlackElo "2219"]
[PlyCount "89"]
[EventDate "2003.01.03"]
[EventType "swiss"]
[EventRounds "7"]
[EventCountry "CAN"]

1. d4 Nf6 2. c4 g6 3. Nc3 Bg7 4. e4 d6 5. f3 O-O 6. Be3 e5 7. d5 Nh5 8. Qd2 f5
9. O-O-O Nd7 10. Nge2 Ndf6 11. h3 fxe4 12. fxe4 Rf7 13. c5 Nf4 14. g3 Nxe2+ 15.
Bxe2 Bd7 16. g4 Qe7 17. cxd6 cxd6 18. Kb1 a6 19. Rc1 b5 20. Bd3 Be8 21. Ne2 Qb7
22. Ng3 Rc7 23. Rxc7 Qxc7 24. Rc1 Qb7 25. Qc2 h6 26. Qc7 Qxc7 27. Rxc7 Kf8 28.
Bd2 Bd7 29. b3 Ke7 30. Rc1 Rc8 31. Rxc8 Bxc8 32. Kc2 Kd7 33. Nf1 h5 34. g5 Ng8
35. h4 Bf8 36. Ne3 Bb7 37. a4 bxa4 38. bxa4 Ne7 39. Bf1 Nc8 40. Bh3+ Ke8 41.
Nc4 Na7 42. Bb4 Bc8 43. Bf1 Bd7 44. Kb3 Nc8 45. Nb2 1-0

[Event "CAN-ch U20 2003"]
[Site "Shawinigan CAN"]
[Date "2003.01.05"]
[Round "4.3"]
[White "Bachand-Fleurent, Julien"]
[Black "Charbonneau, Anne-Marie"]
[Result "1/2-1/2"]
[WhiteElo "2065"]
[BlackElo "1900"]
[PlyCount "45"]
[EventDate "2003.01.03"]
[EventType "swiss"]
[EventRounds "7"]
[EventCountry "CAN"]

1. e4 c5 2. Nc3 Nc6 3. g3 g6 4. Bg2 Bg7 5. d3 Rb8 6. Be3 d6 7. Qd2 e6 8. Nge2
Nd4 9. O-O b5 10. Nc1 Ne7 11. Nd1 b4 12. c3 bxc3 13. bxc3 Ndc6 14. Bh6 O-O 15.
Bxg7 Kxg7 16. Ne3 e5 17. Ne2 f6 18. f4 Bd7 19. Kh1 Qc8 20. Rfd1 Rd8 21. d4 cxd4
22. cxd4 Qa6 23. Qd3 1/2-1/2

[Event "CAN-ch U20 2003"]
[Site "Shawinigan CAN"]
[Date "2003.01.05"]
[Round "4.4"]
[White "Tang, Charlie"]
[Black "McAlpin, John-Francis"]
[Result "1-0"]
[WhiteElo "2274"]
[BlackElo "2000"]
[PlyCount "73"]
[EventDate "2003.01.03"]
[EventType "swiss"]
[EventRounds "7"]
[EventCountry "CAN"]

1. d4 Nf6 2. c4 c5 3. d5 e6 4. Nc3 exd5 5. cxd5 d6 6. e4 g6 7. Nge2 Bg7 8. Ng3
O-O 9. h3 Re8 10. Be2 Na6 11. O-O Nc7 12. a4 a6 13. Rb1 Nd7 14. Qc2 Rb8 15. b4
cxb4 16. Rxb4 a5 17. Rb1 Nc5 18. Be3 Bxc3 19. Qxc3 Nxa4 20. Qxa5 Ra8 21. Qb4
Qe7 22. Rfc1 f5 23. exf5 Bxf5 24. Nxf5 gxf5 25. Qxb7 Nc5 26. Bxc5 dxc5 27. Bf3
Reb8 28. Qxb8+ Rxb8 29. Rxb8+ Kg7 30. Rb6 Nxd5 31. Bxd5 Qd8 32. Rb7+ Kf6 33.
Rxc5 f4 34. Rf7+ Ke5 35. Bc4+ Ke4 36. f3+ Ke3 37. Re5+ 1-0

[Event "CAN-ch U20 2003"]
[Site "Shawinigan CAN"]
[Date "2003.01.05"]
[Round "4.5"]
[White "Dumesnil, Etienne"]
[Black "Divljan, Igor"]
[Result "0-1"]
[WhiteElo "1909"]
[BlackElo "2286"]
[PlyCount "76"]
[EventDate "2003.01.03"]
[EventType "swiss"]
[EventRounds "7"]
[EventCountry "CAN"]

1. g3 e5 2. f3 Nc6 3. Nh3 Bc5 4. e3 d5 5. Nf2 Be6 6. Bb5 Nge7 7. d4 exd4 8.
exd4 Bd6 9. c3 Qd7 10. O-O O-O-O 11. f4 h5 12. Be2 g5 13. fxg5 h4 14. g4 h3 15.
Bf3 Ng6 16. c4 Nce7 17. c5 Bf4 18. b4 c6 19. Nc3 Qc7 20. Bxf4 Qxf4 21. b5 Qxg5
22. bxc6 Nxc6 23. Nb5 Nh4 24. Nd6+ Kb8 25. Rb1 Rd7 26. Rb3 Qf4 27. Kh1 Qxd4 28.
Qxd4 Nxd4 29. Bd1 Nxb3 30. axb3 Ng6 31. Nd3 d4 32. b4 Bd5+ 33. Bf3 Bxf3+ 34.
Rxf3 Re7 35. Nf5 Re4 36. Nd6 Re3 37. Rxf7 Rxd3 38. Kg1 Rd1+ 0-1